| 000 | 01456nam0a2200313 4500 | ||
|---|---|---|---|
| 001 | RU\NLR\bibl\436218 | ||
| 005 | 20260407075106.0 | ||
| 010 |
_a5-7621-0133-9 _94000 |
||
| 021 |
_aRU _b2003-43546 _92074 |
||
| 035 | _a(NLR Aleph) 000430010 | ||
| 090 |
_a748440 _c748440 |
||
| 100 | _a20030915d2003 |||y0rusy50 ca | ||
| 101 | 0 | _arus | |
| 102 | _aRU | ||
| 105 | _aac ||||||||| | ||
| 200 | 1 |
_aУниверситетские встречи - 2 _e[Сборник] _fС.-Петерб. гуманитар. ун-т профсоюзов _g[Сост. и науч. ред. д. культурологии, проф. Г.М. Бирженюк] |
|
| 210 |
_aСПб. _cИзд-во СПбГУП _d2003 |
||
| 215 |
_a500, [1] с. _cцв. ил., портр. _d35 |
||
| 601 | 0 | 2 |
_aСанкт-Петербургский гуманитарный университет профсоюзов _jСборники _92235163 _3RU\NLR\auth\661341435 |
| 607 |
_aРоссийская Федерация _jСборники _xКультура _92081148 _3RU\NLR\auth\661257114 |
||
| 686 | _aЧ489.14(2) | ||
| 686 | _aТ3(2)74-7я43 | ||
| 702 | 1 |
_aБирженюк _bГ. М. _gГригорий Михайлович _4340 |
|
| 711 | 0 | 2 |
_aСанкт-Петербургский гуманитарный университет профсоюзов _9279435 _3RU\NLR\AUTH\884042 |
| 801 | 0 |
_aRU _bNLR _c20030915 _gPSBO |
|
| 801 | 1 |
_aRU _bNLR _c20030915 |
|
| 942 | _cBOOK | ||
| 980 | _aNB | ||